A2-level mathematics exam board: Edexcel complete revision and practice (Record no. 63650)

MARC details
000 -LEADER
fixed length control field 01962nam a2200337 a 4500
008 - FIXED-LENGTH DATA ELEMENTS--GENERAL INFORMATION
fixed length control field 201117s2010 ||||||||||||||||| || u
020 ## - INTERNATIONAL STANDARD BOOK NUMBER
International Standard Book Number 9781847625847
050 ## - LIBRARY OF CONGRESS CALL NUMBER
Classification number QA 43 Mat
100 ## - MAIN ENTRY--PERSONAL NAME
Personal name Palin, Ali
245 10 - TITLE STATEMENT
Title A2-level mathematics exam board: Edexcel complete revision and practice
Statement of responsibility, etc. By Mary Falkner; Paul Jordin; Sharon Keeley-Holden; Simon Little; Ali Palin; Andy Park; David Ryan; Lyn Setchell; Caley Simpson; Jane Towle; Jonathan Wray; Dawn Wright
260 ## - PUBLICATION, DISTRIBUTION, ETC.
Place of publication, distribution, etc. Newcastle
Name of publisher, distributor, etc. CGP
Date of publication, distribution, etc. 2010
300 ## - PHYSICAL DESCRIPTION
Extent 268 pages: illustrations
650 ## - SUBJECT ADDED ENTRY--TOPICAL TERM
Topical term or geographic name entry element MATHEMATICS--HANDBOOKS,MATHEMATICS,ETC
700 ## - ADDED ENTRY--PERSONAL NAME
Personal name Falkner, Mary
700 ## - ADDED ENTRY--PERSONAL NAME
Personal name Towle, Jane
700 ## - ADDED ENTRY--PERSONAL NAME
Personal name Keeley-Holden, Sharon
700 ## - ADDED ENTRY--PERSONAL NAME
Personal name Simpson, Caley
700 ## - ADDED ENTRY--PERSONAL NAME
Personal name Wright, Dawn
700 ## - ADDED ENTRY--PERSONAL NAME
Personal name Jordin, Paul
700 ## - ADDED ENTRY--PERSONAL NAME
Personal name Ryan, David
700 ## - ADDED ENTRY--PERSONAL NAME
Personal name Little, Simon
700 ## - ADDED ENTRY--PERSONAL NAME
Personal name Park, Andy
700 ## - ADDED ENTRY--PERSONAL NAME
Personal name Setchell, Lyn
700 ## - ADDED ENTRY--PERSONAL NAME
Personal name Wray, Jonathan
995 ## -
-- MAIN LIBRARY OPEN ACCESS
-- 750598
-- CBU-MAIN LIBRARY (Kitwe)
-- QA 43 Mat
-- 3
-- AVAILABLE
-- Dec 7, 2020
-- 750598
-- Main Library Open Access Collection
995 ## -
-- KAPASA MAKASA LIBRARY OPEN ACCESS
-- 35.10
-- 750671
-- CBU-KAPASA MAKASA LIBRARY (Chinsali)
-- QA 43 Mat
-- 5
-- AVAILABLE
-- Jan 20, 2021
-- 750671
-- Kapasa Makasa Library Open Acess Collection
995 ## -
-- MAIN LIBRARY OPEN ACCESS
-- 750599
-- CBU-MAIN LIBRARY (Kitwe)
-- QA 43 Mat
-- 4
-- AVAILABLE
-- Dec 7, 2020
-- 750599
-- Main Library Open Access Collection
995 ## -
-- MEDICAL LIBRARY OPEN ACCESS
-- 905197
-- CBU-SCHOOL OF MEDICINE LIBRARY (Ndola)
-- 46.96
-- QA 43 Mat
-- 1
-- AVAILABLE
-- Nov 18, 2020
-- 905197
-- Medical Library Open Access Collection
995 ## -
-- MAIN LIBRARY OPEN ACCESS
-- 750597
-- CBU-MAIN LIBRARY (Kitwe)
-- QA 43 Mat
-- 2
-- AVAILABLE
-- Dec 7, 2020
-- 750597
-- Main Library Open Access Collection
995 ## -
-- KAPASA MAKASA LIBRARY OPEN ACCESS
-- 35.10
-- 750672
-- CBU-KAPASA MAKASA LIBRARY (Chinsali)
-- QA 43 Mat
-- 6
-- AVAILABLE
-- Jan 20, 2021
-- 750672
-- Kapasa Makasa Library Open Acess Collection
999 ## -
-- 63650
-- 63650
Holdings
Withdrawn status Lost status Source of classification or shelving scheme Damaged status Not for loan Permanent Location Current Location Shelving location Date acquired Total Checkouts Full call number Barcode Date last seen Copy number Price effective from Koha item type
          CBU-MAIN LIBRARY, KITWE. CBU-MAIN LIBRARY, KITWE.   01/25/2023   QA 43 Mat 750598 01/25/2023 1 01/25/2023 MONOGRAPH
          CBU-MAIN LIBRARY, KITWE. CBU-MAIN LIBRARY, KITWE.   01/25/2023   QA 43 Mat 750599 01/25/2023 3 01/25/2023 MONOGRAPH
          CBU-MAIN LIBRARY, KITWE. CBU-MAIN LIBRARY, KITWE.   01/25/2023   QA 43 Mat 750597 01/25/2023 5 01/25/2023 MONOGRAPH
          CBU-SCHOOL OF MEDICINE LIBRARY, NDOLA. CBU-SCHOOL OF MEDICINE LIBRARY, NDOLA.   01/25/2023   QA 43 Mat 905197 01/25/2023 4 01/25/2023 MONOGRAPH